Представление документа в формате RUSMARC

ПолеНазваниеЗначение
  Тип записи a
  Библиографический уровень m
001 Контрольный номер 552468428c3d4e69aff9b33e25a55a3f
005 Дата корректировки 20140605122223.0
010 Индекс ISBN __
a ISBN 5-468-00005-9
101 Язык документа 0_
a Язык текста rus
102 Страна публикации __
a Страна публикации RU
200 Заглавие и сведения об ответственности 1_
a Заглавие Организация, нормирование и оплата труда на промышленных предприятиях
e Сведения, относящиеся к заглавию учеб. для вузов
f Первые сведения об ответственности Б. М. Генкин
205 Сведения об издании __
a Основные сведения об издании 4-е изд., измен. и доп.
210 Выходные данные 1_
c Издательство Норма
a Место издания Москва
d Дата издания 2007
215 Физическое описание __
a Объем XVI, 447 с.
300 Общие примечания __
a Общие примечания гриф МО
610 Ключевые слова 0_
a Ключевые слова гриф МО
610 Ключевые слова 0_
a Ключевые слова труд
610 Ключевые слова 0_
a Ключевые слова трудовой процесс
610 Ключевые слова 0_
a Ключевые слова организация труда
610 Ключевые слова 0_
a Ключевые слова нормирование труда
610 Ключевые слова 0_
a Ключевые слова оплата труда
610 Ключевые слова 0_
a Ключевые слова заработная плата
610 Ключевые слова 0_
a Ключевые слова условия труда
610 Ключевые слова 0_
a Ключевые слова затраты рабочего времени
610 Ключевые слова 0_
a Ключевые слова оптимизация трудовых процессов
610 Ключевые слова 0_
a Ключевые слова этика производственной деятельности
610 Ключевые слова 0_
a Ключевые слова управление трудовыми процессами
610 Ключевые слова 0_
a Ключевые слова коллективный договор
686 Индексы других классификаций __
a Классификационный индекс 65.9(2)245я73
2 Код системы rubbk
700 Автор _1
a Фамилия Генкин
b Имя Б. М.
g Полное личное имя Борис Михайлович
801 Источник записи _0
a Страна RU
b Организация РУК
c Дата составления 20070301
g Правила каталогизации PSBO
801 Источник записи _1
a Страна RU
b Организация РУК
c Дата составления 20070301
g Правила каталогизации PSBO
852 Данные о местонахождении __
j Шифр хранения ББК 65.9(2)24
i Авторский знак Г 34
901 Тип документа __
t Тип документа m
938 Служебная информация __
a Название организации Головной вуз
b Имя БД BOOK
c Название АИБС АИБС ИРБИС
952 Тип литературы __
b Гриф литературы для ВШ гриф МО